[Event "Olot op"]
[Site "Olot"]
[Date "1992.??.??"]
[Round "9"]
[White "Hoensch, Matthias"]
[Black "Sorin, Ariel"]
[Result "1/2-1/2"]
[WhiteElo "2310"]
[BlackElo "2415"]

1.Nf3 Nf6 2.c4 g6 3.Nc3 Bg7 4.e4 d6 5.d4 O-O 6.Be2 e5 7.O-O Nbd7 8.Qc2 c6
9.Rd1 exd4 10.Nxd4 Re8 11.f3 a6 12.Bf1 d5 13.cxd5 cxd5 14.exd5 Nb6 15.Qb3 Nfxd5
16.Nxd5 Nxd5 17.Ne2 Qb6+ 18.Qxb6 Nxb6 19.Nc3 Be6 20.Be3 Nc4 21.Bxc4 Bxc4
22.Bd4 Rad8 23.Bxg7 Kxg7 24.Rxd8 Rxd8 25.b3 Be6 26.Rd1 Rc8 27.Rc1 a5 28.Kf2 b5
29.Ne2 Rd8 30.Ke1 b4 31.Rc5 a4 32.Rb5 axb3 33.axb3 Bxb3  1/2-1/2

[Event "Ontario"]
[Site "Ontario"]
[Date "1992.??.??"]
[Round "?"]
[White "Livshits, Ron"]
[Black "Southam, Todd"]
[Result "1-0"]
[WhiteElo "2310"]
[BlackElo "2300"]

1.d4 Nf6 2.c4 g6 3.Nc3 Bg7 4.e4 d6 5.Nf3 O-O 6.Be2 Na6 7.O-O e5 8.Rb1 Qe7
9.d5 Nc5 10.Bg5 h6 11.Bxf6 Qxf6 12.b4 Nd7 13.Qd2 Qe7 14.Nb5 Nf6 15.Qc2 a6
16.Nc3 Nh5 17.g3 f5 18.Nh4 Nf4 19.Bf3 Bf6 20.Ng2 Nh3+ 21.Kh1 Ng5 22.Qd1 Nxf3
23.Qxf3 Bg5 24.Qd3 f4 25.f3 fxg3 26.hxg3 Qd7 27.Kg1 Qh3 28.Ne2 Bd7 29.f4 Bf6
30.f5 gxf5 31.exf5 Rae8 32.Qe4 Bg5 33.g4 Qa3 34.Rf3 Qxa2 35.Nc3 Qd2 36.Rd3 Qc2
37.Ne1 Qxb1 38.Nxb1 h5 39.Rg3 Bf4 40.Rg2 hxg4 41.Rxg4+ Kf7 42.Ng2 Rh8 43.Nc3 Bh2+
44.Kf2 Rh5 45.Nh4 Reh8 46.f6 R8h6 47.Rg7+ Kxf6 48.Rxd7 Rxh4 49.Qg2 Bg1+ 50.Ke2 Rh2
51.Ne4+  1-0

[Event "Ontario"]
[Site "Ontario"]
[Date "1992.??.??"]
[Round "?"]
[White "Schleifer, Michael"]
[Black "Southam, Todd"]
[Result "1/2-1/2"]
[WhiteElo "2240"]
[BlackElo "2300"]

1.d4 Nf6 2.c4 g6 3.Nc3 Bg7 4.e4 d6 5.Be2 O-O 6.Nf3 Na6 7.O-O e5 8.Be3 Ng4
9.Bg5 Qe8 10.h3 h6 11.Bh4 Nf6 12.dxe5 dxe5 13.Nd5 Nxe4 14.Be7 c6 15.Bxf8 Qxf8
16.Ne3 f5 17.Qc2 Nec5 18.a3 e4 19.Nd2 f4 20.Nxe4 fxe3 21.Nxc5 Nxc5 22.Qxg6 Bf5
23.Qg3 exf2+ 24.Qxf2 Bg6 25.Qg3 Qe8 26.Bf3 Bd3 27.Rfe1 Qg6 28.Qh4 Rf8 29.Kh1 Bxb2
30.Rad1 Bf6 31.Qf2 b6 32.Bxc6 Bg7 33.Bd5+ Kh7 34.Qe3 Kh8 35.Qe7 Qf6 36.Qxa7 Qf4
37.Qe7 Qf6 38.Qe3 Bc2 39.Rc1 Bg6 40.Rcd1 Bc2 41.Rd2 Bg6 42.Rdd1 Bc2  1/2-1/2

[Event "Oostende op"]
[Site "Oostende"]
[Date "1992.??.??"]
[Round "5"]
[White "Naumkin, Igor"]
[Black "Visser, Yge"]
[Result "1-0"]
[WhiteElo "2430"]
[BlackElo "2325"]

1.d4 Nf6 2.c4 g6 3.Nc3 Bg7 4.e4 d6 5.Nf3 O-O 6.Be2 Na6 7.O-O e5 8.d5 Nc5
9.Qc2 a5 10.Bg5 h6 11.Be3 Nh7 12.Nd2 f5 13.exf5 Bxf5 14.Nde4 Nxe4 15.Nxe4 Qh4
16.Bd3 Nf6 17.g3 Qh3 18.f3 b6 19.Nf2 Bxd3 20.Qxd3 Qf5 21.Qe2 Rae8 22.Rad1 e4
23.f4 Nd7 24.b3 Re7 25.a3 Nc5 26.Qc2 Rfe8 27.Rfe1 Qh5 28.Rd2 Qf3 29.Rde2 h5
30.Bxc5 bxc5 31.Re3 Qxe3 32.Rxe3 Bd4 33.Re2 g5 34.Kf1 gxf4 35.Rxe4 fxg3 36.hxg3  1-0

[Event "Oostende op"]
[Site "Oostende"]
[Date "1992.??.??"]
[Round "6"]
[White "Vanheste, Jeroen"]
[Black "Meurrens, Peter"]
[Result "1-0"]
[WhiteElo "2395"]
[BlackElo "2265"]

1.d4 g6 2.c4 Bg7 3.Nf3 d6 4.Nc3 Nf6 5.e4 O-O 6.Be2 Nbd7 7.O-O e5 8.Qc2 exd4
9.Nxd4 Re8 10.Rd1 Qe7 11.f3 c6 12.Bg5 h6 13.Bh4 Ne5 14.Rd2 g5 15.Bf2 Nh5
16.g3 Ng6 17.Re1 Qc7 18.Nd1 Nf6 19.Bf1 Qa5 20.Nb3 Qc7 21.Bg2 Ne5 22.Nd4 Qe7
23.Ne3 g4 24.Ndf5 Bxf5 25.Nxf5 Qe6 26.f4 Nxc4 27.Nxg7 Kxg7 28.f5  1-0

[Event "RUS-ch sf"]
[Site "Orel"]
[Date "1992.??.??"]
[Round "?"]
[White "Vekshenkov, Nikolai"]
[Black "Zakharevich, Igor"]
[Result "1-0"]
[WhiteElo "2375"]
[BlackElo "2350"]

1.d4 Nf6 2.c4 g6 3.Nc3 Bg7 4.e4 d6 5.Nf3 O-O 6.Be2 e5 7.O-O Nbd7 8.Be3 c6
9.Qd2 Re8 10.d5 c5 11.Ne1 Rf8 12.Bg5 a6 13.a4 Qe8 14.Nd3 h5 15.Rfb1 Nh7 16.Be3 f5
17.f3 f4 18.Bf2 g5 19.b4 cxb4 20.Rxb4 Kh8 21.c5 dxc5 22.Nxc5 Nxc5 23.Bxc5 Rg8
24.d6 g4 25.Nd5 gxf3 26.Bxf3 Ng5 27.Ne7 Bg4 28.Bxg4 hxg4 29.d7 Qh5 30.Nxg8 g3
31.h3 f3 32.d8=Q Rxd8 33.Qxd8  1-0

[Event "RUS-ch"]
[Site "Orel"]
[Date "1992.??.??"]
[Round "?"]
[White "Ragozin, Evgeni"]
[Black "Isupov, Vladimir"]
[Result "0-1"]
[WhiteElo "2415"]
[BlackElo "2235"]

1.c4 g6 2.d4 Bg7 3.Nc3 Nf6 4.e4 d6 5.Nf3 O-O 6.Be2 e5 7.O-O Na6 8.Be3 Ng4
9.Bg5 Qe8 10.dxe5 dxe5 11.h3 h6 12.Bd2 Nf6 13.Be3 Nh5 14.Qd2 Kh7 15.g4 Nf4
16.Bxf4 exf4 17.Qxf4 Nc5 18.Rfe1 Bxc3 19.bxc3 Qxe4 20.Qxc7 Nd3 21.Bxd3 Qxd3
22.Ne5 Qxh3 23.Qe7 Bxg4 24.Re3 Qh5 25.Rae1 Be6 26.Rg3 Rae8 27.Qxb7 Bxc4 28.f4 Qh4
29.Kg2 Qxf4 30.Nxg6 Qd2+ 31.Kh3 Qxe1  0-1

[Event "RUS-ch"]
[Site "Orel"]
[Date "1992.??.??"]
[Round "?"]
[White "Gavrilov, Alexei"]
[Black "Makarjev, Ilja"]
[Result "1/2-1/2"]
[WhiteElo "2360"]
[BlackElo "2335"]

1.d4 Nf6 2.c4 g6 3.Nc3 Bg7 4.e4 d6 5.Nf3 O-O 6.Be2 Na6 7.O-O e5 8.Rb1 exd4
9.Nxd4 Re8 10.f3 c6 11.Nc2 Nc7 12.Bf4 d5 13.cxd5 cxd5 14.Bg3 Qe7 15.Bd3 dxe4
16.Nxe4 Nxe4 17.Bxe4 Be6 18.b3 Nb5 19.Be1 Rad8 20.Qe2 Nc3 21.Bxc3 Bxc3 22.Rbd1 f5
23.Bd3 Qc5+ 24.Qf2 Qa5 25.Qh4 Kg7 26.Bc4 Bf6 27.Qf4 Bxc4 28.Qxc4 Qxa2 29.Qc7+ Kh8
30.Qf7 Bg7 31.Nb4 Qe2 32.Nd5 Qb5 33.Nc7 Qb6+ 34.Kh1 Rf8 35.Rxd8 Rxd8 36.Ne6 Rg8
37.Nxg7 Rxg7 38.Qe8+ Rg8 39.Qe5+ Rg7 40.Rd1 Qc7 41.Qf6 h5 42.h3 Kh7 43.Rd8 Qe7
44.Qd4 h4 45.b4 a6 46.Kh2 Qc7+ 47.Kg1 Qc1+ 48.Kf2 Qc2+ 49.Kg1 Qc1+ 50.Kf2 Qc2+
51.Kg1  1/2-1/2

[Event "Orel"]
[Site "Orel"]
[Date "1992.??.??"]
[Round "?"]
[White "Barsov, Alexei"]
[Black "Zaitsev, Igor A"]
[Result "1/2-1/2"]
[WhiteElo "2400"]
[BlackElo "2445"]

1.d4 Nf6 2.Nf3 g6 3.c4 Bg7 4.Nc3 O-O 5.e4 d6 6.Be2 e5 7.dxe5 dxe5 8.Qxd8 Rxd8
9.Bg5 Na6 10.Nd5 Rd6 11.Bxf6 Bxf6 12.Nxf6+ Rxf6 13.Nxe5 Re6 14.f4 Nc5 15.O-O-O Re8  1/2-1/2

[Event "Oslo2"]
[Site "Oslo"]
[Date "1992.??.??"]
[Round "2"]
[White "Djurhuus, Rune"]
[Black "Gullaksen, Eirik T"]
[Result "1/2-1/2"]
[WhiteElo "2420"]
[BlackElo "2260"]

1.d4 Nf6 2.c4 g6 3.Nc3 Bg7 4.e4 d6 5.Be2 O-O 6.Nf3 e5 7.Be3 Ng4 8.Bg5 f6
9.Bc1 Nc6 10.h3 Nh6 11.O-O Nf7 12.dxe5 dxe5 13.Be3 f5 14.Qxd8 Nfxd8 15.Nd5 Ne6
16.Bd3 f4 17.Bd2 Rf7 18.b4 Ncd4 19.Ne1 Bf8 20.Rb1 g5 21.f3 h5 22.Rb2 Bd7
23.c5 a5 24.a3 axb4 25.axb4 Ra3 26.Bc4 Bb5 27.Bxb5 Nxb5 28.Nc2 Rd3 29.Rf2 g4
30.Kf1 Nbd4 31.Nxd4 Nxd4 32.hxg4 hxg4 33.fxg4 c6 34.Nb6 Rh7 35.Ke1 f3 36.gxf3 Rh1+
37.Rf1 Rxd2 38.Rxd2 Nxf3+ 39.Ke2 Rxf1 40.Rd7 Nh2 41.Rxb7 Rf4 42.Kd3 Rf3+
43.Kc2 Nxg4 44.b5 Bxc5 45.bxc6 Ne3+ 46.Kb1 Bxb6 47.Rxb6 Nc4 48.Rb8+ Rf8 49.c7 Nd6
50.Rb6 Nxe4 51.Re6 Nd2+ 52.Kc2 Nf3 53.Rb6 Nd4+ 54.Kd3 Nf5  1/2-1/2

[Event "Oslo2"]
[Site "Oslo"]
[Date "1992.??.??"]
[Round "8"]
[White "Tisdall, Jonathan D"]
[Black "Berg, Klaus"]
[Result "1-0"]
[WhiteElo "2455"]
[BlackElo "2385"]

1.Nf3 Nf6 2.c4 g6 3.Nc3 Bg7 4.e4 d6 5.d4 O-O 6.Be2 Na6 7.O-O e5 8.Be3 Qe8
9.dxe5 dxe5 10.h3 b6 11.a3 Bb7 12.Qc2 Nc5 13.Bxc5 bxc5 14.b4 cxb4 15.axb4 Qe7
16.Ra5 Nh5 17.Nd5 Bxd5 18.cxd5 f5 19.Rc5 fxe4 20.Rxc7 Qd8 21.Nd2 Nf4 22.Bg4 Qxd5
23.Nxe4 Rf7 24.Rxf7 Qxf7 25.Rd1 h5 26.Rd7 Qf8 27.Qb3+ Kh8 28.Bf3 Rd8 29.Rxa7 Rd3
30.Qa4 Nxh3+ 31.gxh3 Qxf3 32.Qe8+ Qf8 33.Qxg6 Rd1+ 34.Kg2 Qg8 35.Qxh5+ Bh6+
36.Ng3 Qd5+ 37.Kh2  1-0

[Event "Oviedo rapid45"]
[Site "Oviedo"]
[Date "1992.??.??"]
[Round "5"]
[White "Acebal, Antonio"]
[Black "Ubilava, Elizbar"]
[Result "0-1"]
[WhiteElo "2295"]
[BlackElo "2560"]

1.Nf3 Nf6 2.c4 g6 3.Nc3 Bg7 4.e4 d6 5.d4 O-O 6.Be2 e5 7.dxe5 dxe5 8.Qxd8 Rxd8
9.Bg5 Re8 10.Nd5 Nxd5 11.cxd5 c6 12.Bc4 b5 13.Bb3 Bb7 14.O-O-O c5 15.Kb1 Nd7
16.Rc1 Bf8 17.Bd1 c4 18.Nd2 f5 19.f3 f4 20.Be2 Rec8 21.Rc2 a6 22.Rhc1 Bc5
23.Nf1 Kg7 24.Bh4 a5 25.a4 bxa4 26.Bxc4 a3 27.Bb5 axb2  0-1

[Event "Oviedo rapid45"]
[Site "Oviedo"]
[Date "1992.??.??"]
[Round "8"]
[White "Azmaiparashvili, Zurab"]
[Black "Nunez Vallina, Jose Antonio"]
[Result "1-0"]
[WhiteElo "2610"]
[BlackElo "2370"]

1.d4 g6 2.c4 Bg7 3.Nc3 Nf6 4.e4 d6 5.Nf3 O-O 6.Be2 e5 7.Be3 Nbd7 8.O-O Re8
9.d5 Nc5 10.Nd2 a5 11.a3 a4 12.Bxc5 dxc5 13.Nxa4 b6 14.Nc3 Rf8 15.b4 Rxa3
16.Rxa3 cxb4 17.Rb3 bxc3 18.Rxc3 Bh6 19.Bf3 Bxd2 20.Qxd2 Nd7 21.Ra1 Nc5 22.Ra8 Qh4
23.g3 Qe7 24.h4 h5 25.Qh6 Rd8 26.Rca3 Nb7 27.Qg5 Kf8 28.R3a7 Nd6 29.Qxe7+ Kxe7
30.Rxc7+ Ke8 31.Rc6 Ke7 32.Rb8  1-0

[Event "Palma de Mallorca op"]
[Site "Palma de Mallorca"]
[Date "1992.??.??"]
[Round "9"]
[White "Zlotnik, Boris A"]
[Black "Vilar Lopez, Monica"]
[Result "1-0"]
[WhiteElo "2455"]
[BlackElo "2230"]

1.d4 Nf6 2.Nf3 g6 3.c4 Bg7 4.Nc3 O-O 5.e4 d6 6.Be2 e5 7.d5 a5 8.Be3 Ng4 9.Bg5 f6
10.Bd2 f5 11.exf5 gxf5 12.h3 Nf6 13.O-O Nbd7 14.Rc1 Nc5 15.a3 a4 16.Be3 Nb3
17.Rb1 f4 18.Bc1 Bf5 19.Bd3 e4 20.Bc2 Qd7 21.Ng5 Nxc1 22.Rxc1 Bh6 23.Ngxe4 Nxe4
24.Nxe4 Kh8 25.Qf3 Qf7 26.Nc3 Rg8 27.Bxf5 Qxf5 28.Rfe1 Rg6 29.g4 Qd7 30.Re4 Bg5
31.Rce1 Rag8 32.Kf1 Qf7 33.Nxa4 h5 34.Nc3 hxg4 35.hxg4 Rh6 36.Ke2 Qh7 37.Qd3 Rh3
38.Qd4+ Qg7 39.Qxg7+ Rxg7 40.Re8+ Kh7 41.Ne4 Bh4 42.Rg1 Rb3 43.Rh1  1-0

[Event "Pardubice op"]
[Site "Pardubice"]
[Date "1992.??.??"]
[Round "1"]
[White "Sherbakov, Ruslan"]
[Black "Ziger, Silvestar"]
[Result "1-0"]
[WhiteElo "2530"]
[BlackElo "2290"]

1.d4 Nf6 2.c4 g6 3.Nc3 Bg7 4.e4 d6 5.Be2 O-O 6.Nf3 e5 7.O-O Na6 8.Re1 c6
9.Bf1 Bg4 10.Be3 exd4 11.Bxd4 Re8 12.h3 Bxf3 13.Qxf3 Nb4 14.Rac1 c5 15.Be3 Nc6
16.Rcd1 Qe7 17.Bg5 Nd4 18.Rxd4 cxd4 19.Nd5 Nxd5 20.Bxe7 Nxe7 21.Qg3 Rad8
22.f4 Nc6 23.a3 d3 24.Bxd3 Bxb2 25.Bb1 Re7 26.h4 Kh8 27.Rd1 Bd4+ 28.Rxd4 Nxd4
29.Qc3 Kg8 30.Qxd4 b6 31.h5 gxh5 32.Qf6 Rde8 33.Qg5+ Kh8 34.Qf5 Rg8 35.Qf6+  1-0

[Event "Pardubice op"]
[Site "Pardubice"]
[Date "1992.??.??"]
[Round "2"]
[White "Janocha, Wieslaw"]
[Black "Zhelnin, Vladimir V"]
[Result "0-1"]
[WhiteElo "2305"]
[BlackElo "2435"]

1.d4 Nf6 2.Nf3 g6 3.c4 Bg7 4.Nc3 O-O 5.e4 d6 6.Be2 e5 7.d5 a5 8.Bg5 h6 9.Bh4 g5
10.Bg3 Nh5 11.h4 g4 12.Nh2 Nxg3 13.fxg3 h5 14.O-O Na6 15.Bd3 Bh6 16.Qe2 f6
17.Rf2 c6 18.Re1 Qb6 19.Kh1 Nc7 20.Nf1 Bd7 21.Nd1 cxd5 22.cxd5 Nb5 23.Bxb5 Bxb5
24.Qc2 Rac8 25.Nc3 Bd3 26.Qxd3 Qxf2 27.Rb1 Rc5 28.a4 Rfc8 29.Kh2 Rc4 30.Kh1 R8c5
31.Qd1 Rc7 32.Qe1 Qc2 33.Kh2 Kh7 34.Ra1 Rb4 35.Ra2 Rxb2 36.Rxb2 Qxb2 37.Nd1 Qd4  0-1

[Event "Pardubice op"]
[Site "Pardubice"]
[Date "1992.??.??"]
[Round "8"]
[White "Gleizerov, Evgeny"]
[Black "Bagaturov, Giorgi"]
[Result "1-0"]
[WhiteElo "2540"]
[BlackElo "2435"]

1.d4 Nf6 2.c4 g6 3.Nc3 Bg7 4.e4 d6 5.Nf3 O-O 6.Be2 e5 7.O-O Na6 8.Be3 c6
9.d5 Ng4 10.Bg5 f6 11.Bc1 c5 12.Ne1 Nh6 13.Nd3 Bd7 14.a3 Nf7 15.Rb1 Bh6 16.Bxh6 Nxh6
17.b4 b6 18.Qd2 Nf7 19.Rb2 Rc8 20.b5 Nc7 21.a4 f5 22.a5 Qh4 23.f3 Qh6 24.Qxh6 Nxh6
25.Ra1 Ra8 26.Rba2 Rfd8 27.f4 Nf7 28.Bf3 Re8 29.fxe5 dxe5 30.exf5 Nd6 31.axb6 axb6
32.Rxa8 Nxa8 33.fxg6 Bf5 34.gxh7+ Kxh7 35.Nxe5 Rxe5 36.Rxa8 Nxc4 37.Ra4 Nd6
38.Ra6 Nc4 39.Be2 Nd2 40.Kf2 Ne4+ 41.Nxe4 Bxe4 42.d6  1-0

[Event "Pardubice op"]
[Site "Pardubice"]
[Date "1992.??.??"]
[Round "9"]
[White "Tregubov, Pavel V"]
[Black "Piza, Vlastimil"]
[Result "0-1"]
[WhiteElo "2440"]
[BlackElo "2275"]

1.d4 Nf6 2.c4 g6 3.Nc3 Bg7 4.Nf3 O-O 5.e4 d6 6.Be2 e5 7.d5 Nbd7 8.Bg5 a6
9.Nd2 Qe8 10.O-O h6 11.Bh4 Nh7 12.Rc1 Ng5 13.b4 f5 14.f3 Nf6 15.c5 Nh5 16.Nc4 Qe7
17.Bf2 Nf4 18.Kh1 h5 19.cxd6 cxd6 20.Nb6 Rb8 21.b5 fxe4 22.fxe4 axb5 23.Nxc8 Rbxc8
24.Bxb5 Nh7 25.Be3 Nf6 26.Be2 Nxe2 27.Qxe2 Ng4 28.Bd2 Qh4 29.g3 Qh3 30.Qg2 Rxf1+
31.Rxf1 Qxg2+ 32.Kxg2 Bh6 33.Bxh6 Rxc3 34.Rc1 Ra3 35.Rc8+ Kf7 36.Bf8 Rxa2+
37.Kg1 Ra1+ 38.Kg2 Ra2+ 39.Kg1 Ra1+ 40.Kg2 Ra6 41.h3 Nf6 42.Bh6 Nxe4 43.Rc7+ Kf6
44.Rxb7 Ra3 45.Bg7+ Kg5 46.Rb4 Rxg3+  0-1

[Event "Paris-ch"]
[Site "Paris"]
[Date "1992.??.??"]
[Round "2"]
[White "Blees, Albert"]
[Black "Lamoureux, Charles"]
[Result "1-0"]
[WhiteElo "2410"]
[BlackElo "2295"]

1.d4 Nf6 2.c4 g6 3.Nc3 Bg7 4.e4 d6 5.Nf3 O-O 6.Be2 e5 7.O-O Na6 8.d5 h6 9.a3 c5
10.Rb1 Nh7 11.Ne1 f5 12.f3 h5 13.exf5 Bxf5 14.Bd3 h4 15.Nc2 Nc7 16.Ne3 Ne8
17.Qc2 Qd7 18.Be4 Rf7 19.h3 Bf8 20.Bd2 Ng7 21.b4 b6 22.bxc5 bxc5 23.Rb2 Nh5
24.Rfb1 Qc8 25.Ne2 Bxh3 26.Bxg6 Rg7 27.Bxh5 Bxg2 28.Nf5 Bxf3+ 29.Nxg7 Bxh5
30.Nxh5 Qg4+ 31.Neg3 Qd4+ 32.Kg2 hxg3 33.Qg6+ Kh8 34.Nxg3 Qxc4 35.Rh1 Qxd5+
36.Ne4 Qg8 37.Qxg8+ Kxg8 38.Rb7 Bg7 39.Bh6  1-0

[Event "Paris-ch"]
[Site "Paris"]
[Date "1992.??.??"]
[Round "2"]
[White "Renaze, Luc"]
[Black "Luce, Sebastien"]
[Result "1-0"]
[WhiteElo "2240"]
[BlackElo "2400"]

1.d4 d6 2.Nf3 Nf6 3.c4 g6 4.Nc3 Bg7 5.e4 O-O 6.Be2 Na6 7.O-O e5 8.Be3 Qe8
9.dxe5 dxe5 10.h3 Nd7 11.Qd5 Nb6 12.Qa5 Nd7 13.a3 b6 14.Qd5 Rb8 15.b4 Bb7
16.Qd2 Rd8 17.Rfd1 Nf6 18.Qc2 Nh5 19.Rxd8 Qxd8 20.Rd1 Qc8 21.c5 Nf4 22.c6 Bxc6
23.b5 Bb7 24.Bxf4 exf4 25.bxa6 Bxa6 26.Nd5 Kh8 27.Bxa6 Qxa6 28.Qxc7 Qa4 29.Re1 Qxa3
30.e5 Qb3 31.Nf6 a5 32.Nd7 Re8 33.Nxb6 h6 34.Nc4 Kg8 35.Nxa5 Qb8 36.Qc4 Qb6
37.Nc6 Kh7 38.Ncd4 Re7 39.e6  1-0

[Event "Paris-ch"]
[Site "Paris"]
[Date "1992.??.??"]
[Round "4"]
[White "Pogorelov, Ruslan"]
[Black "Giaccomazzi, Dominique"]
[Result "1-0"]
[WhiteElo "2385"]
[BlackElo "2245"]

1.Nf3 Nf6 2.c4 g6 3.Nc3 Bg7 4.e4 d6 5.d4 O-O 6.Be2 e5 7.d5 Ne8 8.b4 a5 9.bxa5 Rxa5
10.Nd2 b6 11.Nb3 Ra8 12.a4 f5 13.O-O Nf6 14.Bg5 Nbd7 15.a5 h6 16.Bxf6 Nxf6
17.f3 h5 18.Qd3 h4 19.axb6 Rxa1 20.Rxa1 cxb6 21.Qe3 Nh5 22.Ra7 Nf4 23.Bf1 Kh8
24.Kh1 b5 25.cxb5 fxe4 26.Nxe4 Bf5 27.Nbd2 Nxd5 28.Qd3 Nb6 29.Qxd6 Qxd6 30.Nxd6 Rb8
31.Rb7 Rxb7 32.Nxb7 Bf8 33.Nc4 Nxc4 34.Bxc4 Bc8 35.Nd8 Bc5 36.Nf7+ Kg7 37.Nxe5 Kf6
38.Nd3 Bb6 39.Bd5 Bd7 40.Bc6 Bxc6 41.bxc6 g5 42.g3 hxg3 43.hxg3 Ke6 44.Kg2 Kd6
45.Kh3 Kxc6 46.Kg4 Bc7 47.Nf2  1-0

[Event "Paris-ch"]
[Site "Paris"]
[Date "1992.??.??"]
[Round "7"]
[White "Ragozin, Evgeni"]
[Black "Appleberry, Martin"]
[Result "1-0"]
[WhiteElo "2415"]
[BlackElo "2310"]

1.c4 g6 2.d4 Bg7 3.Nc3 Nf6 4.e4 d6 5.Nf3 O-O 6.Be2 e5 7.dxe5 dxe5 8.Qxd8 Rxd8
9.Bg5 c6 10.Rd1 Rxd1+ 11.Kxd1 h6 12.Bh4 Nbd7 13.Ne1 Nc5 14.f3 a5 15.Bf2 Bf8
16.Nc2 Be6 17.Kc1 Rd8 18.Rd1 Rxd1+ 19.Nxd1 Bd6 20.b3 Nfd7 21.g3 f5 22.exf5 gxf5
23.Kb2 f4 24.gxf4 exf4 25.Bd4 Bf5 26.Nf2 Ne5 27.Ne1 h5 28.Bf1 Kf7 29.Bh3 Ncd3+
30.Nexd3 Nxd3+ 31.Nxd3 Bxd3 32.Kc3 Be2 33.Bg2 Bb4+ 34.Kc2 b5 35.cxb5 c5 36.Be5 Bxb5
37.Bxf4 a4 38.bxa4 Bxa4+ 39.Kb2 c4 40.Be5 Bc6 41.Bf1 Bb5 42.Bh3 Bc6 43.f4 Bd2
44.f5 Bd7 45.Bf1 Bxf5 46.Bxc4+ Kg6 47.Bc7 Kg5 48.a4 Be4 49.Be2 Kh4 50.Bg3+ Kh3
51.Bxh5 Bc6 52.Kb3 Be3 53.Be2 Kg2 54.Bc7 Bg1 55.h4 Be8 56.a5  1-0

[Event "Paris-ch"]
[Site "Paris"]
[Date "1992.??.??"]
[Round "7"]
[White "Wells, Peter K"]
[Black "Prie, Eric"]
[Result "0-1"]
[WhiteElo "2470"]
[BlackElo "2440"]

1.d4 Nf6 2.c4 g6 3.Nc3 Bg7 4.e4 d6 5.Nf3 O-O 6.Be2 e5 7.Be3 Na6 8.O-O Ng4
9.Bg5 Qe8 10.dxe5 dxe5 11.Nd2 h6 12.Bh4 Nf6 13.Nd5 g5 14.Bg3 c6 15.Ne3 Qe7
16.Qc2 Rd8 17.Rad1 Nb4 18.Qb1 h5 19.h3 g4 20.a3 Na6 21.h4 Nc5 22.Qc2 Rd4
23.Nf5 Bxf5 24.exf5 Rad8 25.Rfe1 Nfe4 26.Nf1 Nxg3 27.Nxg3 Qxh4 28.b4 Nd7
29.Ne4 Qe7 30.c5 Nf6 31.Nd6 Ne8 32.Ne4 Rxd1 33.Rxd1 Rd4 34.Bc4 Bf6 35.Qe2 Qd7
36.Rxd4 Qxd4 37.Kh2 Kf8 38.Ng3 Qf4 39.Qe4 Qxf2 40.Qd3 h4 41.Nh5 h3 42.Qe2 Qxf5  0-1

[Event "Paris-ch"]
[Site "Paris"]
[Date "1992.??.??"]
[Round "8"]
[White "Blees, Albert"]
[Black "Apicella, Manuel"]
[Result "1/2-1/2"]
[WhiteElo "2410"]
[BlackElo "2435"]

1.d4 Nf6 2.c4 g6 3.Nc3 Bg7 4.e4 d6 5.Nf3 O-O 6.Be2 e5 7.O-O Na6 8.Re1 c6
9.Bf1 exd4 10.Nxd4 Ng4 11.h3 Qb6 12.hxg4 Qxd4 13.Qf3 Qe5 14.Bf4 Qe6 15.g5 Be5
16.Qg3 Nc7 17.Rad1 Bxf4 18.Qxf4 Qe5 19.Qh2 Ne6 20.Rxd6 Nf4 21.Qh6 Bg4 22.Rd2 Nh5
23.f3 Bxf3 24.Rf2 Bg4 25.Be2 Bxe2 26.Rexe2 Rad8 27.g4 Nf4 28.Re3 Qc5 29.Ref3 Nd3
30.b4 Qd4 31.Ne2 Qg7 32.Rh2 Ne5 33.Qxg7+ Kxg7 34.Rfh3 Rd1+ 35.Kg2 Rh8 36.b5 Rd2
37.Kg3 Nxc4 38.a4 cxb5 39.axb5 Nd6 40.Nc3 Rxh2 41.Kxh2 Re8 42.Kg3 Nxe4+ 43.Kf4 Nxc3
44.Rxc3 Re6 45.Rc7 Rb6 46.Rc5 a6 47.bxa6 bxa6 48.Rc7 Rb1 49.Ra7 Ra1 50.Kf3 a5
51.Kg3 a4 52.Kh4 a3 53.Rxa3 Rh1+ 54.Kg3 h6 55.gxh6+ Kxh6 56.Ra5 Rf1 57.Kg2 Rf4
58.Kg3 g5 59.Ra6+ Kg7 60.Rb6 Rf6 61.Rb5 Kg6 62.Ra5 Re6 63.Ra3 Kf6 64.Rf3+ Ke7  1/2-1/2

[Event "Paris-ch"]
[Site "Paris"]
[Date "1992.??.??"]
[Round "8"]
[White "Leroy, Adrien"]
[Black "Caminade, Andrija"]
[Result "1/2-1/2"]
[WhiteElo "2215"]
[BlackElo "2230"]

1.d4 Nf6 2.c4 g6 3.Nc3 Bg7 4.e4 d6 5.Be2 O-O 6.Nf3 e5 7.O-O Nbd7 8.Bg5 h6
9.Bh4 c6 10.Qd2 Qe7 11.Rad1 Re8 12.d5 c5 13.h3 g5 14.Bg3 Nf8 15.Bh2 Ng6 16.Kh1 Nf4
17.Ng1 Bd7 18.g4 Kh7 19.f3 Rh8 20.Rc1 Ne8 21.Rf2 Bf6 22.Bf1 Nc7 23.a3 a5
24.a4 b6 25.b3 Kg7 26.Bg3 Rh7 27.Rh2 Rah8 28.Qd1 Ne8 29.Rcc2 Qf8 30.Qc1 Qe7
31.Nd1 Kf8  1/2-1/2

[Event "Parthenay op"]
[Site "Parthenay"]
[Date "1992.??.??"]
[Round "9"]
[White "Timoshchenko, Gennadi A"]
[Black "San Marco, Bruno"]
[Result "1-0"]
[WhiteElo "2515"]
[BlackElo "2225"]

1.d4 Nf6 2.c4 g6 3.Nc3 Bg7 4.e4 d6 5.Nf3 O-O 6.Be2 Na6 7.O-O e5 8.Be3 Ng4
9.Bg5 f6 10.Bc1 c6 11.Rb1 Nc7 12.b4 Nh6 13.b5 Nf7 14.bxc6 bxc6 15.Ba3 Re8
16.dxe5 fxe5 17.c5 d5 18.exd5 cxd5 19.Nb5 Bf5 20.Rb3 Ne6 21.Nd6 Nxd6 22.cxd6 e4
23.Qxd5 exf3 24.Bxf3 Kh8 25.d7 Rg8 26.Qxa8 Qxa8 27.Bxa8 Rxa8 28.Rc1 Nd4 29.Rc8+  1-0

[Event "Fishbecks"]
[Site "Pasadena"]
[Date "1992.??.??"]
[Round "?"]
[White "Booth, Stephen A"]
[Black "Schroer, Jonathan"]
[Result "1-0"]
[WhiteElo "2235"]
[BlackElo "2395"]

1.d4 Nf6 2.Nf3 g6 3.c4 Bg7 4.Nc3 O-O 5.e4 d6 6.Be2 Na6 7.O-O e5 8.Be3 Ng4
9.Bg5 Qe8 10.h3 h6 11.Bc1 Nf6 12.d5 Nh5 13.Re1 Bd7 14.a3 Nf4 15.Bf1 Qc8 16.b4 f5
17.Be3 g5 18.Rc1 g4 19.hxg4 fxe4 20.Nxe4 Bxg4 21.c5 dxc5 22.bxc5 c6 23.Nd6 Qd7
24.dxc6 bxc6 25.Bxf4 Rxf4 26.Bxa6 Bxf3 27.gxf3 Kh8 28.Re4 Bf6 29.Rxf4 exf4
30.Bc4 Qh3 31.Qf1 Qxf3 32.Qg2 Qxa3 33.Nf7+ Kh7 34.Rd1 f3 35.Qg3 Bh4 36.Qxh4 Rg8+
37.Kh1  1-0

[Event "Fishbecks"]
[Site "Pasadena"]
[Date "1992.??.??"]
[Round "?"]
[White "Lagua, Bende"]
[Black "Ramayrat, Cris"]
[Result "0-1"]
[WhiteElo "2270"]
[BlackElo "2320"]

1.Nf3 g6 2.d4 Nf6 3.c4 Bg7 4.Nc3 d6 5.e4 O-O 6.Be2 e5 7.O-O c6 8.Re1 Nbd7
9.Bf1 Re8 10.d5 c5 11.Rb1 Rf8 12.a3 Ne8 13.b4 b6 14.Rb3 Nc7 15.Re2 f5 16.Ne1 f4
17.Na4 g5 18.bxc5 bxc5 19.f3 h5 20.Reb2 Nf6 21.Nc3 g4 22.Rb8 Rxb8 23.Rxb8 Nh7
24.Bd2 Qh4 25.Qe2 Ng5 26.Nd3 Bd7 27.Rxf8+ Bxf8 28.a4 Ne8 29.a5 Nf6 30.Nb5 g3
31.h3 Ng4 32.a6 Nh2 33.Ne1 Bc8 34.Nxa7 Bxa6 35.Nb5 Bc8 36.Bc3 Ng4 37.Bd2 Nf2
38.Nd3 Ngxh3+ 39.gxh3 Nxh3+ 40.Bxh3 Bxh3 41.Ne1 Bf1 42.Ng2 Qh2+  0-1

[Event "BUL-ch (Women)"]
[Site "Pernik"]
[Date "1992.??.??"]
[Round "5"]
[White "Georgieva, Emilia"]
[Black "Marinova, Elka"]
[Result "1-0"]
[WhiteElo "2085"]
[BlackElo "2075"]

1.d4 Nf6 2.c4 g6 3.Nc3 Bg7 4.e4 d6 5.Nf3 O-O 6.Be2 e5 7.dxe5 dxe5 8.Qxd8 Rxd8
9.Bg5 Re8 10.Nd5 Nxd5 11.cxd5 c6 12.Bc4 h6 13.Be3 b5 14.Bb3 Bb7 15.O-O cxd5
16.exd5 a5 17.a4 b4 18.Rad1 Nd7 19.Rfe1 e4 20.Nd4 Nc5 21.Bc2 Rac8 22.Nb5 b3
23.Bxb3 Nxb3 24.Nd6 Ba6 25.Nxe8 Rxe8 26.d6 Rd8 27.Bb6 Rd7 28.Rxe4 Bf8 29.Re8 f5
30.g3 Kf7 31.Re3 Bc4 32.Rc3 Be6 33.Rdd3 Rxd6 34.Rxb3 Bxb3 35.Rxb3 Rd1+ 36.Kg2 Bb4
37.Rf3 Rd2 38.b3 Rc2 39.g4 Ke6 40.gxf5+ gxf5 41.Be3 h5 42.Rh3 Rc3 43.Rxh5 Rxb3
44.h4 Bc3 45.Rh6+ Kf7 46.h5 Rb4 47.Rc6 Bf6 48.Rc7+ Kg8 49.Rc5 Rxa4 50.Rxf5 Bc3
51.Rc5 Ra3 52.Rc8+ Kh7 53.Rc7+ Kg8 54.h6 Bf6 55.Kf3 a4 56.Kg4 Ra1 57.Kf5 Bb2
58.f4 Rh1 59.Kg6 Kf8 60.h7 Rh3 61.Bc5+ Ke8 62.Ra7 Rg3+ 63.Kf5 Rh3 64.Ke4 Rh4
65.Re7+ Kd8 66.Ra7 Kc8 67.Rxa4 Kc7 68.Ra7+ Kc6 69.Bf2 Rh5 70.Ra6+ Kb5  1-0

[Event "World op"]
[Site "Philadelphia"]
[Date "1992.??.??"]
[Round "5"]
[White "Christensen, Wayne"]
[Black "Karklins, Andrew"]
[Result "0-1"]
[WhiteElo "2205"]
[BlackElo "2320"]

1.d4 Nf6 2.c4 g6 3.Nc3 Bg7 4.e4 d6 5.Nf3 O-O 6.Be2 e5 7.O-O Nh5 8.Be3 Nf4
9.Re1 Nxe2+ 10.Qxe2 f5 11.exf5 Bxf5 12.Bg5 Qc8 13.dxe5 Nc6 14.exd6 Bg4 15.Nd5 cxd6
16.Ne7+ Nxe7 17.Bxe7 Bxf3 18.gxf3 Rf4 19.Rac1 Be5 20.c5 Qh3 21.cxd6 Rg4+  0-1

[Event "Philadelphia opI"]
[Site "Philadelphia"]
[Date "1992.??.??"]
[Round "7"]
[White "Browne, Walter S"]
[Black "Fishbein, Alexander"]
[Result "1-0"]
[WhiteElo "2530"]
[BlackElo "2495"]

1.d4 Nf6 2.c4 g6 3.Nc3 Bg7 4.e4 d6 5.Nf3 O-O 6.Be2 e5 7.O-O exd4 8.Nxd4 c6
9.f3 Nbd7 10.Be3 d5 11.exd5 cxd5 12.Qd2 dxc4 13.Bxc4 a6 14.Rfd1 Qc7 15.Bf1 Re8
16.Rac1 Qa5 17.Nb3 Qb4 18.Qf2 b6 19.Nd5 Nxd5 20.Rxd5 Nf6 21.Rdd1 b5 22.Nc5 Qa5
23.a3 b4 24.Bd2 Qb6 25.Bxb4 Bf5 26.Ne4 Qxf2+ 27.Nxf2 Be6 28.Bc3 Rec8 29.Bd4 a5
30.b4 axb4 31.axb4 Rxc1 32.Rxc1 Bh6 33.Rc5 Nd5 34.Ra5 Rc8 35.Ng4 Bxg4 36.Rxd5 Be6
37.Ra5 Bd2 38.Ra4 Rd8 39.Bc5 Be1 40.b5 Bb3 41.Ra3 Bd5 42.Rd3 Bh4 43.g3 Bf6
44.b6 Bb7 45.Rxd8+ Bxd8 46.f4 g5 47.fxg5 Kg7 48.Bg2 Ba6 49.b7 Bc7 50.Ba7  1-0